Statystyki dla Wszyscy medaliści piłkarskich imprez międzynarodowych

Kliknij tutaj aby rozwiązać quiz!

Ogólne statystyki

  • Ten quiz został rozwiązany 192 razy
  • Średni wynik to 67 z 83

Statystyki odpowiedzi

Ukryta kolumna odpowiedzi% Poprawnych
Brazylia
99%
Brazylia
99%
Niemcy
99%
Polska
98%
Argentyna
96%
Francja
96%
Portugalia
96%
Stany Zjednoczone
96%
Urugwaj
96%
Anglia
95%
Hiszpania
95%
Holandia
95%
Niemcy Zachodnie
95%
Włochy
95%
Belgia
93%
Chile
93%
Egipt
91%
Japonia
91%
Kanada
91%
Meksyk
91%
Grecja
90%
Jugosławia
90%
Korea Południowa
90%
Szwecja
90%
Turcja
90%
Chorwacja
89%
Rosja
89%
Senegal
89%
Czechosłowacja
88%
Dania
88%
Maroko
88%
Paragwaj
88%
Peru
88%
Peru
88%
Republika Południowej Afryki
88%
Chiny
87%
Kolumbia
87%
Kolumbia
87%
Nigeria
87%
Nigeria
87%
Nigeria
87%
Węgry
87%
Związek Radziecki
85%
Arabia Saudyjska
84%
Australia
84%
Boliwia
84%
Czechy
84%
Kamerun
84%
Wybrzeże Kości Słoniowej
84%
Tunezja
83%
Algieria
82%
Indie
81%
Kostaryka
81%
Ghana
80%
Iran
80%
Zair
79%
Wybrzeże Kości Słoniowej
78%
Katar
77%
Katar
77%
Panama
77%
Irak
76%
Austria
75%
Honduras
75%
Kongo
74%
Sudan
72%
Jamajka
71%
Etiopia
70%
Mali
70%
Zjednoczone Emiraty Arabskie
69%
Haiti
67%
Demokratyczna Republika Konga
66%
Libia
66%
Zambia
66%
Izrael
63%
Gwinea
60%
Tajlandia
56%
Burkina Faso
54%
Kuwejt
54%
Uganda
51%
Tajwan
45%
Birma/Mjanma
40%
Hongkong
23%
Gwadelupa
17%

Rozkład punktacji

Percentyl według liczby udzielonych odpowiedzi

Procent ludzi z każdym wynikiem

Twoja historia wyników

Nie rozwiązałeś tego quizu